000
00306nam a22001217a 4500
008
230626b xxu||||| |||| 00| 0 eng d
082
_a
331.911
_b
UN
100
_c
UN
245
_a
Water Quality Monitoring in the Asian and Pacific Region
260
_a
UN
_b
New York
_c
1990
300
_a
327p
942
_2
ddc
_c
BK
999
_c
2662
_d
2662